| 000 | 00369pam a2200145 a 4500 | ||
|---|---|---|---|
| 020 | _a0394543394 : | ||
| 040 | _cDLC | ||
| 082 | 0 | 0 | _a823 DIS 1985 A090 Or. |
| 100 | 1 | _aLessing, Doris, | |
| 245 | 1 | 4 | _aThe good terrorist / |
| 250 | _a1st American ed. | ||
| 260 |
_aNew York : _bKnopf : _bDistributed by Random House, _c1985. |
||
| 300 |
_a375 p. ; _c22 cm. |
||
| 942 | _cEK | ||
| 999 |
_c14023 _d14023 |
||